000 00453nam a22001097a 4500
082 _a658
100 _a नागर ,राकेश
_982626
245 _a MPPSC MAINS PAPER 4,PART-A,UNIT 1 TO 5 उधमिता , प्रबंधन ,व्यक्तित्व विकास एवं केस स्टडी
260 _aBHOPAL
_bदर्पण पब्लिकेशन
_c2024
650 _aप्रबंधन
942 _cC. BOOKS
999 _c67291
_d67291